Villes de France par description Wikipedia - #5 - Statistiques

Statistiques générales
  • Ce quiz a été pris 41 fois
  • Le résultat moyen est 10 sur 15
Statistiques - réponses
Description Ville % Correct
Son agglomération de 450 000 habitants est également la plus grande métropole des Alpes (devant Innsbruck — dont l'agglomération compte 300 000 habitants — et Bolzano), ce qui lui vaut le surnom, en France, de « capitale des Alpes ». Grenoble
97%
Dotée d'une industrie de pointe, d’un petit aéroport d'affaires, de plusieurs ports et d’un Palais des festivals et des congrès, ancrée dans la baie de [...], bordée par le massif de l'Esterel à l'ouest, le golfe Juan à l'est et la mer Méditerranée, [...] est une station balnéaire mondialement connue pour son festival du film ou encore celui de la plaisance et pour son boulevard de la Croisette bordée de palaces. Cannes
85%
Située face au sud-est de l'Angleterre, elle est avec son port (premier de France pour le transport de passagers) et le tunnel sous la Manche la principale ville française de liaison avec la Grande-Bretagne. Calais
77%
Ce développement est lié à la présence, depuis 2001, de la compagnie maritime Corsica Ferries. De plus, [...] est la ville française en Méditerranée qui connaît une des plus fortes progressions en termes d'accueil des croisières. Toulon
74%
[...] est mondialement connue comme ville thermale et pour son eau minérale [...], exploitée par la Société anonyme des eaux minérales d’[...], filiale du groupe Danone. Évian-les-Bains
72%
Sur le plan historique et culturel, la commune, ancienne capitale continentale du royaume de Majorque, est dans le Roussillon, ancienne partie de la principauté de Catalogne (1173-1659) puis une province du royaume de France, qui a existé de 1659 jusqu'en 1790 et qui recouvrait les trois vigueries du Roussillon, du Conflent et de Cerdagne. Perpignan
72%
Elle est aussi, avec les villes d'Avranches et de Coutances, l'une des trois sous-préfectures du département de la Manche et également la préfecture maritime de la Manche et la mer du Nord. Cherbourg-en-Cotentin
69%
La figure de Jeanne d'Arc est indissociable de l'histoire de la ville, puisqu'elle joua un rôle décisif le 8 mai 1429 en délivrant la ville du siège des Anglais durant la guerre de Cent Ans. Orléans
69%
C'est également une ville commerciale et administrative, dotée d'un centre universitaire, et d'une vie culturelle remarquablement animée. Celle-ci est dominée par le célèbre Festival international de la bande dessinée qui contribue largement au renom international de la cité, ainsi que par le Festival du film francophone et le Circuit des remparts. Angoulême
64%
Aujourd'hui [...] est la première station thermale de France (avec 16 établissements), elle est également connue pour être une ville taurine avec la tenue de courses landaises et espagnoles lors de ses fêtes patronales, et pour le rugby à XV par l'intermédiaire du club de l'Union sportive [...]. Dax
59%
Jusqu'à la seconde moitié du XXe siècle, [...] se développe autour de son arsenal. Fortement marquée par des bombardements lors de la Seconde Guerre mondiale, la ville a vu son centre historique presque entièrement renouvelé pendant la Reconstruction. Brest
56%
Dominée par le neck du Mont Toulon (ou Montoulon), c'est la moins peuplée des préfectures de France avec 8 313 habitants d'après le dernier recensement de l'Insee en 2023. Privas
54%
Son centre-ville, situé sur la Grande Île, est intégralement inscrit au patrimoine mondial par l’UNESCO depuis 1988, et comprend notamment la cathédrale Notre-Dame de [...] et le quartier de la Petite France. Strasbourg
51%
Tournée vers les industries de pointe, notamment dans le domaine de l’aéronautique, elle dispose d'un pôle universitaire intégré dans le réseau de l’université de Pau et des pays de l'Adour, qui comprend quatre autres villes du Bassin de l'Adour : Pau, Bayonne, Anglet et Mont-de-Marsan. Tarbes
46%
Elle est située à l'est du causse de Gramat, le plus vaste et le plus sauvage des quatre causses du Quercy. Exposée à un climat océanique altéré, elle est drainée par le Célé, le Drauzou, le ruisseau de Planioles et divers petits cours d'eau. Figeac
15%
Aucun quiz correspondant
Distribution des résultats
% des personnes avec chaque résultat
Percentile par nombre de réponses
Votre historique - résultats
Vous n’avez pas pris ce quiz